pays qui produisent le plus d'énergie hydrolique - Statistiques

Statistiques générales
  • Ce quiz a été pris 86 fois
  • Le résultat moyen est 8 sur 10
Statistiques - réponses
GW en 2018 Réponse % Correct
80 GW Etats-unis
100%
322 GW Chine
96%
19 GW France
96%
45 GW Inde
90%
47 GW Russie
90%
104 GW Brésil
88%
81 GW Canada
87%
22 GW Japon
70%
31 GW Norvège
61%
28 GW Turquie
36%
Aucun quiz correspondant
Distribution des résultats
% des personnes avec chaque résultat
Percentile par nombre de réponses
Votre historique - résultats
Vous n’avez pas pris ce quiz